| 000 | 00511nam a2200169 a 4500 | ||
|---|---|---|---|
| 001 | 5673 | ||
| 003 | CDMR | ||
| 005 | 20130412135316.0 | ||
| 008 | 130130s1990||||||||||||||||||||||||||||d | ||
| 020 | _a8450595231 | ||
| 040 |
_aCDMR _bcat _cCPC GIRONA |
||
| 245 | 0 | 0 |
_aÉtica y problemas del periodismo económico _b: I Congreso Nacional de Periodistas de Información económica |
| 260 |
_c1990 _bCámara Oviedo _aOviedo |
||
| 650 | 0 | 4 |
_9262 _aPremsa econòmica |
| 650 | 0 | 4 |
_9983 _aÈtica periodística |
| 942 |
_cMON _2udc |
||
| 999 |
_c5673 _d5673 |
||